000 002960000a22001090004500
100 1 _aZelaya, Hugo M.
245 1 0 _aProsperidad material y espiritual
300 _aVol.7, núm.7 ( 2006), Páginas 98-101
500 _aDirector de Conquista Cristiana
773 0 _tConquista Cristiana
942 _cANA
999 _c61592
_d61592